000 00592nam a2200229Ia 4500
003 OSt
005 20220912150744.0
006 a|||||r|||| 00| 0
007 ta
008 220909b |||||||| |||| 00| 0 eng d
024 _a23799
037 _cTextual
040 _aCSL
_beng
_cCSL
041 _aeng
082 _aB43N63, K9
100 _aMarti Jurg T
245 0 _aIntroduction to the theory of bases
260 _aNew York
_b Springer_Vrelag
_c1969
300 _axii,149p.
_ccm.
942 _hB43N63, K9
_cTEXL
_2CC
999 _c54254
_d54254